000 00830nam a2200253 a 4500
001 28754
003 BD-RjUL
005 20211209051326.0
008 140331s1957 enka 001 0 eng d
035 _a(BD-RjUL)28836
040 _aTWT
_cTWT
_beng
_dBD-RjUL
041 _aeng
082 _a131.322
_bFOG 1971
100 1 _aFoulkes, S. H.
_q(Siegmund Heinz)
_987960
245 1 0 _aGroup psychotherapy :
_bthe psycho-analytic approach /
_cS.H. Foulkes and E.J. Anthony
260 _aHarmondsworth :
_bPenguin Books,
_c1957 [Reprinted 1971]
300 _a280 p. :
_billus ;
_c18 cm
490 1 _aPelican psychology series ;
_vA370
650 0 _aGroup psychoanalysis
_987961
830 0 _vA370
_987969
700 1 _aAnthony, E. James
_q(Elwyn James),
_d1916-
_987963
830 0 _aPelican psychology series ;
_987964
942 _2ddc
_cBK
999 _c28754
_d28754